Plant training, pruning and tree surgery

Bibliographic Details
Main Author: Hammett, K. R. W.
Format: Book
Language:English
Published: Newton Abbot, Devon : David & Charles , 1975
Subjects:

MARC

LEADER 00000cam a2200000 7i4500
001 0000000290
005 20230711.0
008 991123 enk eng
020 |a 071536409x (hbk) 
040 |a INS 
090 0 0 |a SB125   |b .H25 1975 
100 1 |a Hammett, K. R. W. 
245 1 0 |a Plant training, pruning and tree surgery   |c K. R. W. Hammett 
260 |a Newton Abbot, Devon :   |b David & Charles ,   |c 1975 
300 |a 68 p. :   |b ill. (some col.) ;   |c 26 cm. 
500 |a Includes index 
650 0 |a Plants 
650 0 |a Plants   |x Training 
999 |a 0000004717   |b BOOK   |c Open Shelf   |e Default branch